| 000 | 00816cam a22002054a 4500 | ||
|---|---|---|---|
| 005 | 20250605164024.0 | ||
| 008 | 250528s ||||||||||||||||||||||||d | ||
| 035 | _a16456 | ||
| 020 | _a201059681 | ||
| 040 |
_aGR-AtMCL _bgre _dGR-AtMCL _eAACR2 |
||
| 245 | 1 | _aIntroduction to Discrete Structures / For Computer Science and Engineering | |
| 260 |
_bΕκδοτικές Επιχειρήσεις "Το Οικονομικό", _c1973 |
||
| 300 | _a358 | ||
| 520 | _aPreliminary, Sets and Binary Relations, Graphs, Algebraic Structures, Lattices, Boolean Algebras, A Taste of Combinatorics, Algorithms and Turing Machines, Appendix: Prerequisite Structure and Teaching Plans, Index. | ||
| 700 | 1 |
_aPreparata Franco P _92553 |
|
| 700 | 1 |
_aYeh Raymond T _92554 |
|
| 942 | _cBK | ||
| 999 |
_c1955 _d1955 |
||